Historia general de la iglesia, desde su fundación, hasta este presente siglo, (Record no. 8632)

MARC details
000 -CABECERA
campo de control de longitud fija 01503nam a2200253 a 4500
001 - NÚMERO DE CONTROL
campo de control BRCA_8981
005 - FECHA Y HORA DE LA ÚLTIMA TRANSACCIÓN
campo de control 20190320210500.0
008 - DATOS DE LONGITUD FIJA--INFORMACIÓN GENERAL
campo de control de longitud fija 100717s1755----sp-#######---#000-0#spa-#
041 ## - CÓDIGO DE LENGUA
Código de lengua del texto/banda sonora o título independiente spa
044 ## - CÓDIGO DEL PAÍS DE LA ENTIDAD EDITORA/PRODUCTORA
Código MARC del país sp
084 ## - OTRO NÚMERO DE CLASIFICACIÓN
Número de clasificación BE92
Número de documento/Ítem .C56 1755
100 1# - ENTRADA PRINCIPAL--NOMBRE DE PERSONA
Nombre de persona Choisy, François Timoléon, Abad de
Fechas asociadas al nombre 1644 - 1724
9 (RLIN) 22246
245 10 - MENCIÓN DE TÍTULO
Título Historia general de la iglesia, desde su fundación, hasta este presente siglo,
Mención de responsabilidad, etc. escrita en idioma francés por el señor Abad de Choysi, de la Academia Francesa; y traducida en Castellano por Don Estevan Gazan.
260 ## - PUBLICACIÓN, DISTRIBUCIÓN, ETC.
Lugar de publicación, distribución, etc. Madrid
Nombre del editor, distribuidor, etc. En la Imprenta de Antonio Perez de Soto
Fecha de publicación, distribución, etc. 1755
300 ## - DESCRIPCIÓN FÍSICA
Extensión 488 p. (t.8)
Dimensiones 21 x 15 cm
500 ## - NOTA GENERAL
Nota general Con privilegio
500 ## - NOTA GENERAL
Nota general En portada: Contiene todos los sucesos memorables acaecidos en la serie de los siglos: Todos los Concilios, la Succession de los Sumos Pontifices, de los Emperadores de ambos Imperios, de Oriente, y Occidente: Los Varones Ilustres, que florecieron: Sus Obras: Los Heresiarcas, las Persecuciones de la Iglesia: Escritos de los Santos Padres: Los tormentos de todos los Martyres de la Christyandad: Sacado de la Escritura Sagrada, de la Tradicion, y de los mas verídicos Historiadores
500 ## - NOTA GENERAL
Nota general En portada: Dedicada a la Sagrada Religión de la Compañía de Jesús
500 ## - NOTA GENERAL
Nota general Estado físico: presenta encuadernación en pergamino con cintas rotas
650 14 - PUNTO DE ACCESO ADICIONAL DE MATERIA--TÉRMINO DE MATERIA
Término de materia o nombre geográfico como elemento de entrada Historia eclesiástica
Subdivisión cronológica Obras anteriores a 1800
9 (RLIN) 22247
700 1# - PUNTO DE ACCESO ADICIONAL--NOMBRE DE PERSONA
Nombre de persona Gazan, Estevan
Término indicativo de función/relación tr.
9 (RLIN) 22296
902 ## - CATALOGADOR
Iniciales CFM
942 ## - ELEMENTOS DE PUNTO DE ACCESO ADICIONAL (KOHA)
Fuente del sistema de clasificación o colocación Library of Congress Classification
Tipo de ítem Koha Libros
Holdings
Estado de retiro Estado de pérdida Estado dañado No para préstamo Localización permanente Ubicación/localización actual Fecha de adquisición Total de préstamos Signatura topográfica completa Código de barras Fecha visto por última vez Precio válido a partir de Tipo de ítem Koha
El ejemplar forma parte de la colección y puede ser consultado según las políticas vigentes.       Biblioteca del Museo Franz Mayer (Rogerio Casas-Alatriste) Biblioteca del Museo Franz Mayer (Rogerio Casas-Alatriste) 10/07/2017   BE92 .C56 1755 CFM00380 22/03/2019 22/03/2019 Libros